000 00212nam a2200109Ia 4500
999 _c7016
_d7016
020 _a978-8174360298
100 _aJyoti Jafa
245 0 _aNurjahan
260 _aNew Delhi
_bCRC
_c1994
300 _a260
942 _cBK